Statystyki dla Wszystkie utwory z albumu Szpaka - ,,DDZPPM"

Kliknij tutaj aby rozwiązać quiz!

Ogólne statystyki

  • Ten quiz został rozwiązany 91 razy
  • Średni wynik to 9 z 11

Statystyki odpowiedzi

Nr.Nazwa% Poprawnych
1.Mateusz
97%
6.Dom
92%
8.Człowiek Motyl
86%
4.Afryka
85%
3.Jeździec Bez Głowy
85%
11.Minimini2
84%
10.R.I.P. Krawczyk
84%
2.Krokodyl Dundee
82%
7.Ötzi
81%
9.Alf
79%
5.Mr. Mime
74%

Rozkład punktacji

Percentyl według liczby udzielonych odpowiedzi

Procent ludzi z każdym wynikiem

Twoja historia wyników

Nie rozwiązałeś tego quizu